Microeconomics : (Record no. 9292)

MARC details
000 -LEADER
fixed length control field 00507cam a2200193ua 4500
008 - FIXED-LENGTH DATA ELEMENTS--GENERAL INFORMATION
fixed length control field 180314n ii |||gr||||Z||||||eng
020 ## - INTERNATIONAL STANDARD BOOK NUMBER
International Standard Book Number 9780070590557
040 ## - CATALOGING SOURCE
Transcribing agency MAIN
082 ## - DEWEY DECIMAL CLASSIFICATION NUMBER
Classification number 338.5
100 ## - MAIN ENTRY--PERSONAL NAME
Personal name Maddala, G.S.,
Relator term
245 ## - TITLE STATEMENT
Title Microeconomics :
Remainder of title theory and applications /
Statement of responsibility, etc. By G.S. Maddala .
250 ## - EDITION STATEMENT
Edition statement 12th rep.
260 ## - PUBLICATION, DISTRIBUTION, ETC.
Place of publication, distribution, etc. Chennai:
Name of publisher, distributor, etc. McGraw hill education,
Date of publication, distribution, etc. 2016.
300 ## - PHYSICAL DESCRIPTION
Extent 634p.
700 ## - ADDED ENTRY--PERSONAL NAME
Personal name Miller, Ellen,
Relator term
942 ## - ADDED ENTRY ELEMENTS (KOHA)
Koha item type Books
653 ## - INDEX TERM--UNCONTROLLED
Uncontrolled term Production
Holdings
Withdrawn status Lost status Damaged status Not for loan Home library Current library Shelving location Date acquired Total Checkouts Full call number Barcode Date last seen Date last checked out Copy number Price effective from Koha item type
        Central Library, Naharkatiya College Central Library, Naharkatiya College General Stacks 19/09/2020 10 338.5 | MAD 24599 22/08/2025 08/08/2025 1 19/09/2020 Books

Naharkatiya College © 2020. All rights reserved.

Powered By